[Event "St Petersburg Korchnoi Memorial op"]
[White "Mullyaminova, Sofiya"]
[Black "Nefedov, Mikhail"]
[Site "St Petersburg"]
[Round "6"]
[Result "1-0"]
[Date "2024.08.20"]
[WhiteElo "1736"]
[BlackElo "1533"]
[PlyCount "129"]
[EventDate "2024.08.17"]
[EventType "swiss"]
[EventRounds "9"]
[EventCountry "RUS"]
[SourceTitle "EXT 2025"]
[Source "ChessBase"]
[SourceDate "2024.10.14"]
[SourceVersion "1"]
[SourceVersionDate "2024.10.14"]
[SourceQuality "1"]

1. e4 c5 2. Nf3 d6 3. d4 cxd4 4. Nxd4 Nf6 5. Nc3 a6 6. Be2 e5 7. Nb3 Be7 8. Be3 Be6 9. Nd5 Nxd5 10. exd5 Bf5 11. Qd2 Nd7 12. c4 a5 13. a4 0-0 14. 0-0 Bg6 15. Rac1 Nc5 16. Nxc5 dxc5 17. Qc3 Bd6 18. f4 exf4 19. Bxf4 Re8 20. Bxd6 Qxd6 21. Bf3 f6 22. Rce1 Re5 23. Rxe5 Qxe5 24. Qxe5 fxe5 25. Bg4 Bd3 26. Be6+ Kh8 27. Rf7 Bxc4 28. Rxb7 h6 29. Rc7 Rf8 30. h4 e4 31. Rxc5 Rf1+ 32. Kh2 e3 33. Rc8+ Kh7 34. h5 g5 35. Rc7+ Kh8 36. Bg4 Rf4 37. d6 Rxg4 38. d7 Rd4 39. Rc8+ Kg7 40. d8Q Rxd8 41. Rxd8 Kf6 42. Kg3 Bb3 43. Kf3 Bxa4 44. Rd6+ Kg7 45. Kxe3 Bb3 46. Kd2 Kh7 47. Kc3 a4 48. Rb6 Kg7 49. Rxb3 axb3 50. Kxb3 Kf6 51. Kc4 g4 52. Kd4 Kg5 53. b4 Kxh5 54. b5 Kh4 55. b6 Kg3 56. b7 Kxg2 57. b8Q g3 58. Qh8 Kf1 59. Qxh6 g2 60. Qf4+ Ke2 61. Qg3 Kf1 62. Qf3+ Kg1 63. Ke3 Kh2 64. Qf2 Kh3 65. Kf3 1-0

[Event "EU-ch U14 Girls 30th"]
[White "Mullyaminova, Sofiya"]
[Black "Darmaeva, Nomina"]
[Site "Antalya"]
[Round "3"]
[Result "1-0"]
[Date "2022.11.08"]
[WhiteElo "1653"]
[BlackElo "1804"]
[PlyCount "53"]
[EventDate "2022.11.06"]
[EventType "swiss"]
[EventRounds "9"]
[EventCountry "TUR"]
[SourceTitle "CBM 211 Extra"]
[Source "ChessBase"]
[SourceDate "2023.01.31"]
[SourceVersion "1"]
[SourceVersionDate "2023.01.31"]
[SourceQuality "1"]

1. d4 d5 2. c4 e6 3. g3 dxc4 4. Bg2 c6 5. Nf3 Nd7 6. a4 a5 7. 0-0 Ngf6 8. Qc2 b5 9. Ne5 Nxe5 10. dxe5 Nd5 11. axb5 cxb5 12. Nc3 Rb8 13. Rd1 Bc5 14. e4 0-0 15. exd5 exd5 16. Nxd5 Bd7 17. Bf4 Kh8 18. Be4 Bg4 19. Nf6 Bxd1 20. Rxd1 Qe7 21. Rd7 Qe6 22. Bd5 Qh3 23. Bg2 Qxg2+ 24. Kxg2 gxf6 25. exf6 Rbd8 26. Qf5 Bd4 27. Bh6 1-0